000 01036nam a2200277Ia 4500
003 OSt
005 20221005110427.0
006 a|||||r|||| 00| 0
007 ta
008 221004b |||||||| |||| 00| 0 hin d
020 _a9789382114079 (hbk)
_cIndian Rupees 290
024 _a33824
037 _bGift, 03/10/2017,
_cTextual
040 _aCRL
_cCRL
_bhin
041 _2hin
_ahin
082 _aO152,3N291, Q2
100 _aयादव, राजेन्द्र, ले.
245 0 _aस्वस्थ व्यक्ति के बीमार विचार
246 _aSvastha vyakti ke bīmār vichāra
260 _aनई दिल्ली
_bकिताबघर प्रकाशन भारत
_c2012
300 _a168पृ0
_ccm.
650 _a हिन्दी साहित्य
650 _aहिन्दी कहानी
942 _hO152,3N291, Q2
_cTEXL
_2cc
999 _c1018771
_d1018771